000
00296nam a2200133Ia 4500
008
230724s1999 xx und d
020
_a
0960167897
041
_a
eng
082
_a
720.92
100
_a
HARPNESS S.P.
245
_a
SUNDANCING
260
_b
MIR PUBLISHERS
_c
1999
300
_a
208
999
_c
1171188
_d
1171188